• 首页
  • 本馆介绍
  • 公告通知
  • 最新文献
  • 馆藏检索
  • 电子资源
  • 读者导购
  • 参考咨询
  • 我的图书馆
  • 登录
  • 详细信息显示
  • 放入我的书架
  • 预约/预借图书
  • 作者相关作品
  • 分类相关作品
  • 丛书相关作品
  • 出版社相关作品

书目信息

  • 表格格式
  • 工作单格式
  • 卡片格式
题名:
论双生、对偶、三奇素数组分布
    
 
作者: 丁大千 著
分册:  
出版信息: 合肥   合肥工业大学出版社  2005
页数: 13,131页
开本: 26cm
丛书名:
单 册:
中图分类: O156.4 , O156.2 , O15
科图分类:
主题词: 哥德巴赫猜想--研究 , 素数--研究 , 哥德巴赫猜想 , 素数
电子资源:
ISBN: 7-81093-213-6
000 01098nam0 2200289 450
001 1551498136
005 20150130141845.84
010    @a7-81093-213-6@dCNY23.00
100    @a20051016d2005 em y0chiy50 ea
101 0  @achi
102    @aCN@b340000
105    @ay z 000yy
200 1  @a论双生、对偶、三奇素数组分布@9lun shuang sheng 、 dui ou 、 san ji su shu zu fen bu@e关于《哥德巴赫猜想》、《双生素数猜想》的初等证明@f丁大千著
210    @a合肥@c合肥工业大学出版社@d2005
215    @a13,131页@d26cm
330    @a本书在研究分析素数分布规律基础上,运用一般数学,用埃拉多斯染尼氏筛法,即古典筛法,考虑起筛数,找到双生、对偶、三奇素数组分布计算模式。
517 1  @a关于《哥德巴赫猜想》、《双生素数猜想》的初等证明@9guan yu 《 ge de ba he cai xiang 》 、 《 shuang sheng su shu cai xiang 》 de chu deng zheng ming
606 0  @a哥德巴赫猜想@x研究
606 0  @a素数@x研究
606 0  @a哥德巴赫猜想
606 0  @a素数
690    @aO156.4@v5
690    @aO156.2@v5
690    @aO15@v4
701  0 @a丁大千@9ding da qian@4著
801  0 @aCN@bTSSF@c20150130
905    @aZUCC@dO15@eJY154
    
    论双生、对偶、三奇素数组分布:关于《哥德巴赫猜想》、《双生素数猜想》的初等证明/丁大千著.-合肥:合肥工业大学出版社,2005
    13,131页;26cm
    
    
    ISBN 7-81093-213-6:CNY23.00
    本书在研究分析素数分布规律基础上,运用一般数学,用埃拉多斯染尼氏筛法,即古典筛法,考虑起筛数,找到双生、对偶、三奇素数组分布计算模式。
●
相关链接 在E读中查询图书 在五车中查询图书 在当当中查询图书 在豆瓣中查询图书


正题名:论双生、对偶、三奇素数组分布     索取号:O15/JY154         预约/预借

序号 登录号 条形码 馆藏地/架位号 状态 备注
1 7863143   278631438   学院路分馆/ [索取号:O15/JY154] 在馆    
2 7863144   278631447   学院路分馆/ [索取号:O15/JY154] 在馆    
3 7863145   278631456   学院路分馆/ [索取号:O15/JY154] 在馆    
4 7863146   278631465   学院路分馆/ [索取号:O15/JY154] 在馆    
唐山师范学院图书馆 欢迎您!
大连网信软件有限公司© 版权所有